[Event "Mar del Plata Duchamp op 45th"]
[Site "Mar del Plata"]
[Date "2014.04.14"]
[Round "4"]
[White "Tobares, Leandro"]
[Black "Krysa, Leandro Sergio"]
[Result "0-1"]
[WhiteElo "2323"]
[BlackElo "2427"]
[PlyCount "110"]
[EventDate "2014.04.12"]
[EventType "swiss"]
[EventRounds "9"]
[EventCountry "ARG"]
[SourceTitle "CBM 159 Extra"]
[Source "ChessBase"]
[SourceDate "2014.04.24"]
[SourceVersion "1"]
[SourceVersionDate "2014.04.24"]
[SourceQuality "1"]

1. c4 Nf6 2. Nc3 d5 3. d4 g6 4. cxd5 Nxd5 5. Bd2 Bg7 6. e4 Nxc3 7. Bxc3 0-0 8. Qd2 c5 9. dxc5 Qxd2+ 10. Kxd2 Rd8+ 11. Kc2 Bxc3 12. bxc3 Bd7 13. Bc4 Bc6 14. f3 Nd7 15. Ne2 Nxc5 16. Rad1 Rdc8 17. Rd4 e5 18. Rdd1 Rc7 19. Bb3 Bb5 20. Rhe1 Rac8 21. Rd5 Nxb3 22. axb3 Bxe2 23. Rxe2 Rxc3+ 24. Kb2 f6 25. Red2 R3c7 26. Rd7 Kf8 27. R2d6 Ke8 28. Rxc7 Rxc7 29. Rd2 Ke7 30. h3 f5 31. Re2 Ke6 32. g4 f4 33. h4 h6 34. Rg2 a5 35. h5 g5 36. Re2 b6 37. Re1 Rc6 38. Rg1 Kd7 39. Re1 Rd6 40. Kc2 Kc6 41. Ra1 Kc5 42. Kc3 Rd4 43. Kc2 Kb5 44. Kc3 a4 45. Rb1 Kc5 46. Rc1 axb3 47. Kxb3+ Kb5 48. Rc3 Rd2 49. Rc8 Rd3+ 50. Kc2 Rxf3 51. Rh8 Rg3 52. Rxh6 Rxg4 53. Rg6 Kc4 54. h6 Rg2+ 55. Kd1 Kd4 0-1

[Event "Buenos Aires Duchamp Memorial op 5th"]
[Site "Buenos Aires"]
[Date "2013.03.27"]
[Round "6"]
[White "Tobares, Leandro"]
[Black "Rodriguez Vila, Andres"]
[Result "0-1"]
[WhiteElo "2303"]
[BlackElo "2503"]
[PlyCount "54"]
[EventDate "2013.03.23"]
[EventType "swiss"]
[EventRounds "8"]
[EventCountry "ARG"]
[SourceTitle "CBM 153 Extra"]
[Source "ChessBase"]
[SourceDate "2013.04.22"]
[SourceVersion "1"]
[SourceVersionDate "2013.04.22"]
[SourceQuality "1"]

1. d4 e6 2. Nf3 c5 3. g3 cxd4 4. Nxd4 d5 5. Bg2 Nc6 6. 0-0 Qb6 7. Nb3 Nf6 8. Be3 Qc7 9. Nc3 Be7 10. Nb5 Qd8 11. c4 0-0 12. Rc1 a6 13. N5d4 Ne5 14. cxd5 Nxd5 15. Bd2 a5 16. a3 a4 17. Na1 Qb6 18. e4 Nf6 19. Bc3 Rd8 20. Nac2 Bc5 21. Qe2 Bd7 22. Rfd1 Be8 23. h3 Rac8 24. Kh2 Ng6 25. Qe1 Qa7 26. Ba5 Rd7 27. Bc3 e5 0-1

[Event "Buenos Aires Duchamp Memorial op 5th"]
[Site "Buenos Aires"]
[Date "2013.03.24"]
[Round "1"]
[White "Tobares, Leandro"]
[Black "Brizzi, Milagros Tatiana"]
[Result "1-0"]
[WhiteElo "2303"]
[BlackElo "1858"]
[PlyCount "39"]
[EventDate "2013.03.23"]
[EventType "swiss"]
[EventRounds "8"]
[EventCountry "ARG"]
[SourceTitle "CBM 153 Extra"]
[Source "ChessBase"]
[SourceDate "2013.04.22"]
[SourceVersion "1"]
[SourceVersionDate "2013.04.22"]
[SourceQuality "1"]

1. e4 c5 2. Nf3 e6 3. d3 d5 4. Nbd2 Nc6 5. g3 Bd6 6. Bg2 Nge7 7. 0-0 Bc7 8. Re1 0-0 9. a3 b6 10. b4 cxb4 11. axb4 Nxb4 12. Ba3 Nbc6 13. exd5 exd5 14. Nd4 Bd6 15. Nxc6 Nxc6 16. Bxd5 Bb7 17. Bb2 Qd7 18. Qh5 Rfd8 19. Ne4 Bc5 20. Qg5 1-0

[Event "Buenos Aires Duchamp Memorial op 5th"]
[Site "Buenos Aires"]
[Date "2013.03.24"]
[Round "3"]
[White "Tobares, Leandro"]
[Black "Judewicz, Alejandro"]
[Result "1-0"]
[WhiteElo "2303"]
[BlackElo "1987"]
[PlyCount "80"]
[EventDate "2013.03.23"]
[EventType "swiss"]
[EventRounds "8"]
[EventCountry "ARG"]
[SourceTitle "CBM 153 Extra"]
[Source "ChessBase"]
[SourceDate "2013.04.22"]
[SourceVersion "1"]
[SourceVersionDate "2013.04.22"]
[SourceQuality "1"]

1. c4 Nf6 2. Nc3 d5 3. cxd5 Nxd5 4. g3 g6 5. Bg2 Nxc3 6. bxc3 Bg7 7. Rb1 0-0 8. Nf3 c5 9. Qa4 Qc7 10. 0-0 Nc6 11. Ba3 Ne5 12. d4 Bd7 13. Qd1 cxd4 14. cxd4 Nxf3+ 15. Bxf3 Bh3 16. Rxb7 Qa5 17. Bxe7 Bxf1 18. Bxf8 Bxe2 19. Qxe2 Rxf8 20. d5 Bd4 21. Kg2 Qc5 22. Rb5 Qd6 23. h4 Rd8 24. Rb7 Bb6 25. h5 g5 26. Be4 h6 27. Qf3 Rd7 28. Rxd7 Qxd7 29. Qf6 Bd8 30. Qxh6 f5 31. Qg6+ Kf8 32. Qxf5+ Qxf5 33. Bxf5 Kg7 34. d6 Kf6 35. Bg6 Ke5 36. d7 Kd6 37. Kf3 Bf6 38. Ke4 Kxd7 39. h6 Ke7 40. h7 Kf8 1-0